| 000 | 01066namaa22002411 4500 | ||
|---|---|---|---|
| 001 | 174174 | ||
| 003 | ES-MaACL | ||
| 005 | 20250815105807.0 | ||
| 008 | 100301s1928 sp |||| | spa d | ||
| 080 | _a551.437(46) | ||
| 080 | _a551.4.036(460) | ||
| 100 | 1 |
_aHernández-Pacheco, Eduardo, _d1872-1965 _963012 |
|
| 245 | 1 | 4 |
_aLos cinco ríos principales de España y sus terrazas / _cPor Eduardo Hernández-Pacheco. |
| 260 |
_aMadrid : _bJunta para Ampliación de Estudios e Investigaciones Científicas, _c1928. |
||
| 300 |
_a149 p. con LV lám., 1 h. : _bgrab. ; _c23 cm. |
||
| 490 | 1 |
_aTrabajos del Museo Nacional de Ciencias Naturales. Serie Geológica ; _vv. 36 |
|
| 650 | 4 |
_aRíos- _zEspaña. _9142267 |
|
| 650 | 4 |
_aTerrazas (Geología)- _zEspaña. _9142268 |
|
| 710 | 2 |
_aJunta para la Ampliación de Estudios e Investigaciones Científicas. _95413 |
|
| 830 | 0 | 0 |
_aTrabajos del Museo Nacional de Ciencias Naturales. _pSerie geológica _vv. 36 _9189286 |
| 852 |
_aES-MaACL _jB-13133(3) _z.- Encuadernado con otras obras |
||
| 999 |
_c174174 _d174174 |
||